00607nam a2200193 a 450000100100000000500170001000800410002702000150006804000250008308200170010810000180012524500840014326000710022730000230029865000190032165000200034065000260036070000270038600002416120260120073950.0110119s1987 xxu r 000 0 spa d z0311460847 aDO-SdBNPbspacBNPHU a248.4bM423c1 aMaston, T. B.10aCómo vivir en el mundo de hoy /cT. B. Maston ; traducción Rubén Zorzoli. aNew York, Estados Unidos :bCasa Bautista de Publicaciones,c1987. a110 p. ;c21.5 cm. 0aVida cristiana 0aVida espiritual 0aEducación religiosa1 aZorzoli, Rubén,etr.